| 000 | 00963nam a22002535a 4500 | ||
|---|---|---|---|
| 003 | OSt | ||
| 005 | 20170118110922.0 | ||
| 008 | 170116s2012 ua frb 000 0 ara d | ||
| 015 | _22012 / 16671 | ||
| 020 | _a9789770471104 | ||
| 040 |
_aEG-ScBUE _bara _cEG-ScBUE _dEG-ScBUE |
||
| 082 | 0 | 4 |
_a344.03258 _bد ل ج _222 |
| 100 | 1 | _aدلجاوي، أحمد عبد الصبور. | |
| 245 | 1 | 2 |
_aالعيادات القانونية بين النظرية والتطبيق = _bLegal clinics in theory and practice / _cأحمد عبد الصبور الدلجاوي. |
| 246 | 3 | 1 | _aLegal clinics in theory and practice |
| 260 |
_aالقاهرة : _bدار النهضة العربية، _c[2012] |
||
| 300 |
_a195 ص. ؛ _c24 سم. |
||
| 504 | _aيشتمل على إرجاعات ببليوجرافية. | ||
| 650 | 7 |
_aالعيادات القانونية. _2BUEsh |
|
| 650 | 7 |
_aالقانون. _2BUEsh |
|
| 651 | _2BUEsh | ||
| 653 |
_bLLAAWW _cJanuary2017 |
||
| 942 | _2ddc | ||
| 999 |
_c23962 _d23934 |
||